| 000 | 01529 a2200181 4500 | ||
|---|---|---|---|
| 003 | NUST | ||
| 005 | 20230126190619.0 | ||
| 040 | _cNust | ||
| 082 | _a901.22,SPE | ||
| 100 |
_aSpengler, Oswald _917882 |
||
| 245 |
_aThe decline of the West: _ban abridged edition / _cedition by Helmut Werner Arthur Helps from the translation by Charles Francis Atkinson. |
||
| 260 |
_aIslamabad _bNational Book Foundation |
||
| 300 | _a414 p.; | ||
| 505 | _aIntroduction (Page-3), The Meaning of Numbers (Page-41), The Problem of World-History (Page-70), Makrokosmos The Symbolism of the world-picture and the Space-problem (Page-87), Makrokosmos: Apollinian Faustian and Magian Soul (Page-97), Music and Plastic the Arts of Form (Page-115), Music and Plastic Act and Portrait (Page-135), Soul-Image and Life-Feeling on the form of the Soul (Page-159), Soul Image and Life-Feeling Buddhism Stoicism Socialism (Page-176), Faustian and Appollinian Nature Knowledge (Page-188), Faustian and Appollinian Nature Knowledge (Page-188), Origin and landscape (Page-226), Origin and Landscape (Page-230), Cities and Peoples (Page-245), Problems of the Arabian Culture Historic Pseudomorphoses (Page-268), Problems of the Arabian Culturre (Page-299), The State the problem (Page-354), State and History (Page-360), Philosophy of politics (Page-382), The Form World of Economic Life (Page-398), The Form World of Economic Life (Page-409). | ||
| 600 |
_a Helmut Werner _96589 |
||
| 650 |
_aThe decline of the West _9107832 |
||
| 942 |
_2ddc _cBK _k901.22,SPE |
||
| 999 |
_c178819 _d178819 |
||